| 000 | 00400nam a2200169Ia 4500 | ||
|---|---|---|---|
| 008 | 230524s9999 xx 000 0 und d | ||
| 020 | _a9788120327313 | ||
| 082 |
_a331.714 _bMAH |
||
| 100 | _aYogesh Maheshwari | ||
| 245 | 0 | _aManagerial Economics | |
| 250 | _a2ND | ||
| 260 |
_aNEW DELHI _bPHI _c2007 |
||
| 300 | _aX;284 | ||
| 500 | _aQuantity Number: 7 | ||
| 650 | _aEconomics | ||
| 942 | _cBK | ||
| 999 |
_c38753 _d38753 |
||